000 00293nam a22001337a 4500
020 _a978-93-84321-61-1
082 _a823
_bSWI/J
100 _aSWIFT, JONATHAN
245 _aGULLIVER'S TRAVELS
260 _aTHRISSUR
_bH&C
300 _a48
650 _aENGLISH SHORT STORY
_zKERALA
942 _cBK
999 _c3604
_d3604